Bipad utthanshil Tanahun 10 barshe ranitipatra 2070 (Record no. 73405)
[ view plain ]
| 000 -LEADER | |
|---|---|
| fixed length control field | 00492 a2200169 4500 |
| 082 ## - DEWEY DECIMAL CLASSIFICATION NUMBER | |
| Classification number | 363.34 |
| Item number | JIL-b |
| -- | Disaster Risk Management |
| 110 ## - MAIN ENTRY--CORPORATE NAME | |
| Corporate name or jurisdiction name as entry element | Jilla Daibi Prakop Uddhar Samiti |
| 245 ## - TITLE STATEMENT | |
| Title | Bipad utthanshil Tanahun 10 barshe ranitipatra 2070 |
| 260 ## - PUBLICATION, DISTRIBUTION, ETC. | |
| Place of publication, distribution, etc. | Tanahun |
| Name of publisher, distributor, etc. | Jilla Daibi Prakop Uddhar Samiti |
| Date of publication, distribution, etc. | 2071 |
| 300 ## - PHYSICAL DESCRIPTION | |
| Extent | VI, 22p. |
| 650 ## - SUBJECT ADDED ENTRY--TOPICAL TERM | |
| Topical term or geographic name entry element | District |
| 650 ## - SUBJECT ADDED ENTRY--TOPICAL TERM | |
| Topical term or geographic name entry element | Tanahun |
| 650 ## - SUBJECT ADDED ENTRY--TOPICAL TERM | |
| Topical term or geographic name entry element | Disaster Risk Reduction |
| 650 ## - SUBJECT ADDED ENTRY--TOPICAL TERM | |
| Topical term or geographic name entry element | DRM |
| 653 ## - INDEX TERM--UNCONTROLLED | |
| Uncontrolled term | Disaster Risk Management |
| 942 ## - ADDED ENTRY ELEMENTS (KOHA) | |
| Source of classification or shelving scheme | Dewey Decimal Classification |
| Koha item type | Disaster Risk Management |
| Withdrawn status | Lost status | Source of classification or shelving scheme | Damaged status | Not for loan | Home library | Current library | Date acquired | Total Checkouts | Full call number | Barcode | Date last seen | Price effective from | Koha item type |
|---|---|---|---|---|---|---|---|---|---|---|---|---|---|
| Dewey Decimal Classification | Tribhuvan University Central Library | Tribhuvan University Central Library | 08/21/2014 | 363.34 JIL-b | DRM323 | 08/21/2014 | 08/21/2014 | Disaster Risk Management |
